The Beatitudes Quiz Stats

 Plays Quiz Updated Feb 16, 2019

     
Support Sporcle.
Go Orange.
Score 0/8 Timer 04:00
0 Plays Today
Blessed Group % Correct
Blessed arethe meek
87.2%
Blessed arethe poor in spirit
80.1%
Blessed arethey who hunger and thirst after righteousness
65.5%
Blessed arethe merciful
49.9%
Blessed arethey that mourn
41.3%
Blessed arethe peacemakers
40.9%
Blessed arethey who are persecuted for righteousness' sake
29.7%
Blessed arethe pure in heart
27.5%

From the Vault

Alphabetical Grid - Movies

by RobFitz

Movies 6m
Arranged properly, anything can become a grid. Even a bunch of other grids.
Remove Ads.
Support Sporcle.
Get the best of Sporcle when you Go Orange. This ad-free experience offers more features, more stats, and more fun while also helping to support Sporcle. Thank you for becoming a member.

Show Comments

Extras

Top Quizzes Today


Score Distribution

Your Account Isn't Verified!

In order to create a playlist on Sporcle, you need to verify the email address you used during registration. Go to your Sporcle Settings to finish the process.

Report this User

Report this user for behavior that violates our Community Guidelines.

Details: